| 000 | 00712nam a22002057a 4500 | ||
|---|---|---|---|
| 005 | 20140319135437.0 | ||
| 008 | 040629s2004 ja b i001 0 eng | ||
| 020 | _a9280811045 | ||
| 080 |
_a341.232 _x(075.8) |
||
| 245 | 0 | 4 |
_aThe UN role in promoting democracy : _cedited by Edward Newman and Roland Rich. |
| 260 |
_aTokyo ; _aNew York : _bUnited Nations University Press, _c2004. |
||
| 300 |
_a357 f. ; _c23 cm. |
||
| 500 | _aPërfshin Bibliografin, fjalorin dhe indeksin f. 339-357 | ||
| 504 | _aBibliografia f.343 | ||
| 650 | 0 | _aNdihma,asistenca,Mbështetja ndërkombëtare, | |
| 650 | 0 | _aDemokracia. | |
| 700 | 1 | _aNewman, Edward, | |
| 700 | 1 | _aRich, Roland. | |
| 942 |
_2udc _cBK |
||
| 999 |
_c431 _d431 |
||